Earnings and hours in Pacific Coast fish canneries.

Bibliographic Details
Corporate Author: United States. Women's Bureau
Format: Government Document eBook
Language:English
Published: [Washington] : [publisher not identified], 1941.
Subjects:
Online Access:Electronic resource (PDF)

MARC

Tag First Indicator Second Indicator Subfields
LEADER 00000cam a22000001i 4500
001 in00003962001
006 m d f
007 cr bn mmmapmmp
008 410727s1941 dcu o f000 0 eng d
005 20250210232319.2
035 |a ebd1940002429 
040 |a UMI  |c UMI  |e rda  |d UtOrBLW 
086 0 |a L 13.3:186 
099 |a L13.3..186 
110 1 |a United States.  |b Women's Bureau.  |0 http://id.loc.gov/authorities/names/n79086271 
245 1 0 |a Earnings and hours in Pacific Coast fish canneries. 
264 1 |a [Washington] :  |b [publisher not identified],  |c 1941. 
300 |a 1 online resource (35 pages), digital, PDF file 
336 |a text  |b txt  |2 rdacontent 
337 |a computer  |b c  |2 rdamedia 
338 |a online resource  |b cr  |2 rdacarrier 
500 |a Includes tables. 
533 |a Electronic reproduction.  |b [Bethesda, Md.] :  |c ProQuest,  |d 2016  |e digital, PDF file.  |n ProQuest U.S. Executive Branch Documents  |n Mode of access: World Wide Web via ProQuest website. 
588 |a Record is based on online resource; title from PDF title page (ProQuest, last viewed Oct. 2016). Reuse except for individual research requires license from ProQuest, LLC. 
650 0 |a Occupations.  |0 http://id.loc.gov/authorities/subjects/sh85093862 
650 0 |a Fisheries.  |0 http://id.loc.gov/authorities/subjects/sh85048666 
650 0 |a Canning and preserving.  |0 http://id.loc.gov/authorities/subjects/sh85019620 
651 0 |a California.  |0 http://id.loc.gov/authorities/names/n79041717 
856 4 0 |u http://proxy.library.tamu.edu/login?url=http://congressional.proquest.com/congressional/docview/t66.d71.l13.3..186?  |y Electronic resource (PDF)  |t 0 
999 f f |s 51571e78-b74b-3cda-a919-a48f7b185654  |i 052cb44d-ed3e-336a-8842-5a605bb94b1d  |t 0 
952 f f |a Texas A&M University  |b College Station  |c Electronic Resources  |d Available Online  |t 0  |h No information provided 
998 f f |t 0  |l Available Online